00496nam a2200169Ia 450000500170000000800410001702000180005808200130007610000210008924500300011026000300014030000120017050000240018294200060020695200990021299900150031120250401053219.0240331s9999 xx 000 0 und d a9789550054015 bTHIa894 aThiyagasegaran,S 0aAevi vidappatta kolayaali aColombobSirahununic2008 a76 p ., aSirukadhai thoguppu cL 001040708LaWERCLbWERCLcSSCd2024-03-31l0o 894.811 THIp6407r2024-03-31w2024-03-31yL c4635d4635